Datum a čas kvízu
13.5
Celkem bodů
Celkový počet nahraných bodů na tomto kvízu bez doplňovacích otázek.
8.
Pořadí na kvízu
Konečné umístění týmu na tomto kvízu.
Zaznamenané odpovědi
| # | Otázka | Odpověď | Body | Výsledky |
|---|---|---|---|---|
| 1. | Úředníci pražského katastrální... | 0 | ||
| 2. | Extrémní sněhovou nadílku, kte... | 0 | ||
| 3. | Jistá značka vodky přišla tent... | 0 | ||
| 4. | Jak se jmenuje firma Elona Mus... | 0 | ||
| 5. | Minulý týden byla oznámena dal... | 0 | ||
| 6. | Ke které knize odkazuje tento... | 1 | ||
| 7. | Jak se jmenuje pás ostrovů, do... | 0 | ||
| 8. | Tato fotka byla pořízena na pr... | 0.5 | ||
| 9. | Jedna dvoučlenná a dnes již ne... | 0 | ||
| 10. | Kterou lichotivou přezdívkou č... | 1 |